[Event "Mem Vinas 15th B"]
[Site "Mataro"]
[Date "2019.05.11"]
[Round "2.9"]
[White "Puig Vila, Esteve"]
[Black "Homs Jimenez, Jaume"]
[Result "1-0"]
[WhiteElo "1423"]
[BlackElo "1037"]
[PlyCount "107"]
[EventDate "2019.05.04"]
[EventType "swiss"]
[EventRounds "8"]
[EventCountry "ESP"]
[SourceTitle "EXT 2024"]
[Source "ChessBase"]
[SourceDate "2023.10.10"]
[SourceVersion "1"]
[SourceVersionDate "2023.10.10"]
[SourceQuality "1"]

1. e4 e5 2. Nf3 Nc6 3. d4 exd4 4. Nxd4 Nf6 5. Nxc6 bxc6 6. Bd3 d5 7. exd5 cxd5 8. Bg5 Be7 9. 0-0 0-0 10. Nc3 Be6 11. a3 Rb8 12. b3 Re8 13. Nb5 Ra8 14. Re1 a6 15. Nd4 c5 16. Nxe6 fxe6 17. Rxe6 Qc8 18. Qe2 Qc7 19. f3 a5 20. Bb5 h6 21. Bxf6 gxf6 22. Bxe8 Rxe8 23. Re1 Kf8 24. Qd3 d4 25. Qg6 Qf4 26. Qh7 Qc7 27. Qxh6+ Kf7 28. Qh7+ Kf8 29. Rxe7 Rxe7 30. Rxe7 Qxe7 31. Qxe7+ Kxe7 32. Kf2 Kd6 33. g4 Ke5 34. h4 Kf4 35. h5 Kg5 36. Ke2 f5 37. Kd3 fxg4 38. fxg4 Kh6 39. Kc4 Kg5 40. Kxc5 Kxg4 41. h6 Kf4 42. h7 Ke3 43. h8R Kd2 44. Rh2+ Kc3 45. Rh3+ Kxc2 46. Kxd4 Kc1 47. Kc3 Kd1 48. Rh2 Ke1 49. Kd3 Kf1 50. Ke3 Kg1 51. Ra2 Kh1 52. Kf3 Kg1 53. Rb2 Kf1 54. Rb1# 1-0

[Event "Maresme op 15th"]
[Site "Maresme"]
[Date "2018.12.01"]
[Round "9"]
[White "Puig Vila, Esteve"]
[Black "Garcia Raschke, Hernan"]
[Result "1-0"]
[WhiteElo "1429"]
[BlackElo "1196"]
[PlyCount "101"]
[EventDate "2018.09.29"]
[EventType "swiss"]
[EventRounds "9"]
[EventCountry "ESP"]
[SourceTitle "EXT 2024"]
[Source "ChessBase"]
[SourceDate "2023.10.10"]
[SourceVersion "1"]
[SourceVersionDate "2023.10.10"]
[SourceQuality "1"]

1. e4 e5 2. Nf3 Nc6 3. d4 exd4 4. Nxd4 Bc5 5. Be3 Nxd4 6. Bxd4 Bxd4 7. Qxd4 Qg5 8. Nc3 c6 9. g3 Ne7 10. Bg2 0-0 11. 0-0 d5 12. exd5 Nxd5 13. Rfe1 Nxc3 14. Qxc3 Be6 15. a3 Rad8 16. Rad1 Rxd1 17. Rxd1 Rd8 18. Qe1 Rxd1 19. Qxd1 Bd5 20. Bxd5 Qxd5 21. Qxd5 cxd5 22. f4 Kf8 23. Kf2 Ke7 24. Ke3 Ke6 25. g4 f5 26. g5 h6 27. h4 hxg5 28. hxg5 g6 29. b3 b5 30. b4 Kd6 31. Kd4 Kc6 32. Ke5 a5 33. Kf6 axb4 34. axb4 d4 35. Kxg6 Kd5 36. Kxf5 Kd6 37. Ke4 Ke6 38. Kxd4 Kf5 39. Kc5 Kg6 40. Kxb5 Kf5 41. Kc5 Kxf4 42. g6 Ke3 43. g7 Kd2 44. g8R Kxc2 45. Kc4 Kb2 46. Rg3 Ka2 47. b5 Kb2 48. Rf3 Ka2 49. Kb4 Ka1 50. Kb3 Kb1 51. Rf1# 1-0

[Event "Mataro Maresme op-B 13th"]
[Site "Mataro"]
[Date "2016.11.12"]
[Round "6"]
[White "Puig Vila, Esteve"]
[Black "Gabarro Servitja, Adria"]
[Result "1-0"]
[WhiteElo "1612"]
[BlackElo "1327"]
[PlyCount "111"]
[EventDate "2016.10.08"]
[EventType "swiss"]
[EventRounds "9"]
[EventCountry "ESP"]
[SourceTitle "EXT 2018"]
[Source "ChessBase"]
[SourceDate "2017.10.13"]
[SourceVersion "1"]
[SourceVersionDate "2017.10.13"]
[SourceQuality "1"]

1. e4 e6 2. d4 d5 3. exd5 exd5 4. Bd3 Nc6 5. Nf3 Bg4 6. Be3 Bd6 7. Nbd2 Nf6 8. c3 0-0 9. 0-0 Qd7 10. Qc2 h6 11. Bb5 a6 12. Bxc6 Qxc6 13. Ne5 Bxe5 14. dxe5 Nd7 15. Bd4 Rfe8 16. f4 Bh5 17. Rae1 Bg6 18. Qd1 Bd3 19. Rf2 Nc5 20. Bxc5 Qxc5 21. Qf3 Bb5 22. Kh1 Rad8 23. Nb3 Qb6 24. Nd4 Bc4 25. b3 Bb5 26. Nxb5 Qxb5 27. Rd1 Qc6 28. Rfd2 Re7 29. h3 Red7 30. c4 Qb6 31. Rxd5 Rxd5 32. Rxd5 Rxd5 33. Qxd5 Qf2 34. Qe4 Qxa2 35. Qxb7 Qb1+ 36. Kh2 Qe1 37. Qxc7 Qe4 38. Qd8+ Kh7 39. Qh4 Qe3 40. Qg3 Qe4 41. Qf3 Qf5 42. c5 Qc8 43. Qd5 Qf5 44. Qc4 Qc8 45. c6 Qc7 46. b4 g5 47. Qe4+ Kg7 48. f5 f6 49. Qd5 Kh8 50. Qd6 Qc8 51. Qxf6+ Kh7 52. Qg6+ Kh8 53. Qxh6+ Kg8 54. Qxg5+ Kf8 55. Qf6+ Kg8 56. Qe6+ 1-0

[Event "Mataro op 11th"]
[Site "Mataro"]
[Date "2014.11.08"]
[Round "7"]
[White "Puig Vila, Esteve"]
[Black "Olive Alier, Tomas"]
[Result "1-0"]
[WhiteElo "1765"]
[BlackElo "1885"]
[PlyCount "107"]
[EventDate "2014.09.27"]
[EventType "swiss"]
[EventRounds "9"]
[EventCountry "ESP"]
[SourceTitle "EXT 2016"]
[Source "ChessBase"]
[SourceDate "2015.10.08"]
[SourceVersion "1"]
[SourceVersionDate "2015.10.08"]
[SourceQuality "1"]

1. e4 c5 2. Nf3 d6 3. d4 cxd4 4. Nxd4 Nf6 5. Bd3 g6 6. c3 Bg7 7. Be3 0-0 8. 0-0 Nbd7 9. Nd2 Nc5 10. Qc2 Ng4 11. Rae1 Ne5 12. Be2 Ng4 13. Bxg4 Bxg4 14. N4b3 Nd7 15. f3 Be6 16. Rd1 Ne5 17. Bd4 Qc7 18. Rf2 Rfc8 19. Nf1 Bc4 20. Ne3 Be6 21. a3 Qc6 22. Bxe5 Bxe5 23. Nd5 Re8 24. Rfd2 Qa4 25. Na1 Qc4 26. Qb3 Qc6 27. Nc2 Rab8 28. Ncb4 Qc5+ 29. Kh1 Qa5 30. Qc2 Bd7 31. Qd3 Ba4 32. Re1 Qc5 33. Qe3 Qa5 34. f4 Bg7 35. Qf3 Qc5 36. Qe3 Qa5 37. Qg3 Qc5 38. f5 a5 39. Nd3 Qc8 40. Nb6 Qc6 41. Nxa4 Qxa4 42. Nf4 Rbc8 43. h4 Bh6 44. Rf2 Rc4 45. fxg6 hxg6 46. Qf3 Qc6 47. Nd5 f6 48. h5 g5 49. Qf5 Bg7 50. Qg6 Kh8 51. h6 Bf8 52. Ref1 Qd7 53. Nxf6 exf6 54. Rxf6 1-0

[Event "Mataro op 10th"]
[Site "Mataro"]
[Date "2013.09.28"]
[Round "1"]
[White "Puig Vila, Esteve"]
[Black "Ten Gomez, Sergi"]
[Result "0-1"]
[WhiteElo "1795"]
[BlackElo "1949"]
[PlyCount "44"]
[EventDate "2013.09.28"]
[EventType "swiss"]
[EventRounds "9"]
[EventCountry "ESP"]
[SourceTitle "EXT 2016"]
[Source "ChessBase"]
[SourceDate "2015.10.08"]
[SourceVersion "1"]
[SourceVersionDate "2015.10.08"]
[SourceQuality "1"]

1. e4 d6 2. d4 Nf6 3. Bd3 c6 4. Ne2 Qb6 5. c3 e5 6. Qc2 Nbd7 7. Be3 Ng4 8. Nd2 d5 9. h3 Nxe3 10. fxe3 Bd6 11. exd5 cxd5 12. e4 exd4 13. Nxd4 Bg3+ 14. Ke2 0-0 15. Raf1 Nc5 16. N2b3 dxe4 17. Bxe4 Nxe4 18. Qxe4 Bd7 19. Kd2 Rfe8 20. Qf3 Bh4 21. Kc2 Qg6+ 22. Kd1 Qb1+ 0-1

[Event "Maresme op 9th"]
[Site "Maresme"]
[Date "2012.10.06"]
[Round "2"]
[White "Puig Vila, Esteve"]
[Black "Ten Gomez, Sergi"]
[Result "0-1"]
[WhiteElo "1746"]
[BlackElo "1960"]
[PlyCount "56"]
[EventDate "2012.09.29"]
[EventType "swiss"]
[EventRounds "9"]
[EventCountry "ESP"]
[SourceTitle "EXT 2014"]
[Source "ChessBase"]
[SourceDate "2013.11.20"]
[SourceVersion "1"]
[SourceVersionDate "2013.11.20"]
[SourceQuality "1"]

1. e4 e6 2. d4 d6 3. c4 g6 4. Nf3 Bg7 5. Be2 b6 6. Be3 Bb7 7. Nbd2 e5 8. d5 Nf6 9. 0-0 Nbd7 10. h3 0-0 11. Nh2 Qe7 12. Qc2 Rae8 13. b4 a6 14. Bg5 h6 15. Bh4 Bc8 16. f4 exf4 17. Bxf6 Nxf6 18. Rae1 Nxe4 19. Nxe4 Qxe4 20. Bd3 Bd4+ 21. Kh1 Qxe1 22. Bxg6 fxg6 23. Qxg6+ Bg7 24. Kg1 Rf6 25. Qh5 Rf5 26. Qg6 Rg5 27. Qd3 Qe3+ 28. Qxe3 fxe3 0-1